000
00278nam a2200109Ia 4500
008
190216s9999||||xx |||||||||||||| ||und||
100
_a
Barry Shore
245
0
_a
Quantitative Methods For Business Decisions Text&Cases
260
_b
Mcgraw -hill
650
_a
Commerce
942
_c
BK
999
_c
4553
_d
4553